[Event "Sparkassen-Open J"]
[Site "Heusenstamm, Martinsee"]
[Date "2019.11.22"]
[Round "1.26"]
[White "Terlinde, Mattis"]
[Black "Schmidt, Moritz"]
[Result "0-1"]
[WhiteElo "807"]
[BlackElo "1095"]
[PlyCount "52"]
[EventDate "2019.??.??"]
[WhiteTeam "SK Gau-Algesheim"]
[BlackTeam "SVG Plettenberg"]

1. e4 c6 2. d4 d5 3. exd5 cxd5 4. c4 Nf6 5. Nc3 e6 6. Nf3 Bd6 7. Bg5 O-O 8. Bd3
Nc6 9. O-O b6 10. Qe2 Bb7 11. Nd2 Re8 12. Qf3 Nxd4 13. Qh3 h6 14. Bh4 Be7 15.
cxd5 Nxd5 16. Bxe7 Rxe7 17. Nb5 Nxb5 18. Bxb5 Nc7 19. Rfd1 Nxb5 20. Nf3 Rd7 21.
Rxd7 Qxd7 22. Ne5 Qd5 23. Nf3 Rd8 24. g3 Nd4 25. Kg2 Qxf3+ 26. Kf1 Qh1# 0-1

[Event "Sparkassen-Open J"]
[Site "Heusenstamm, Martinsee"]
[Date "2019.11.22"]
[Round "1.27"]
[White "Gossen, Michael"]
[Black "Ramien, Eva"]
[Result "1-0"]
[WhiteElo "1072"]
[BlackElo "798"]
[PlyCount "97"]
[EventDate "2019.??.??"]
[WhiteTeam "TuS Makkabi Wiesbaden"]
[BlackTeam "SG Porz"]

1. e4 e5 2. Nf3 Nc6 3. d4 d6 4. dxe5 dxe5 5. Qxd8+ Nxd8 6. Nxe5 Nf6 7. Nc3 Bb4
8. Bd3 Ne6 9. Bg5 Nxg5 10. O-O O-O 11. Rfe1 Bxc3 12. bxc3 Be6 13. c4 h6 14. h4
Ngh7 15. Rab1 b6 16. Red1 Rad8 17. Nc6 Ra8 18. e5 Nd7 19. f4 Bg4 20. Rd2 a5 21.
Kh2 Rad8 22. Nxd8 Rxd8 23. Kg3 Bh5 24. Kh3 Nc5 25. Bxh7+ Kxh7 26. Rxd8 Ne6 27.
Rd2 Nxf4+ 28. Kg3 Ng6 29. Rd7 Nxe5 30. Rd5 f6 31. c5 bxc5 32. Rxc5 g6 33. Rb7
g5 34. hxg5 hxg5 35. Rbxc7+ Kg6 36. Rxa5 Ng4 37. Raa7 Ne3 38. Rg7+ Kh6 39. Rh7+
Kg6 40. Rag7+ Kf5 41. Rxh5 Nxc2 42. a4 Nb4 43. a5 Ke6 44. Rb7 Na6 45. Rb6+ Kf7
46. Rxa6 f5 47. Rh7+ Kg8 48. Rb7 Kf8 49. Ra8# 1-0

[Event "Sparkassen-Open J"]
[Site "Heusenstamm, Martinsee"]
[Date "2019.11.22"]
[Round "1.28"]
[White "Heidtkamp, Anna"]
[Black "Bogiatzis, Panagiotis"]
[Result "0-1"]
[WhiteElo "788"]
[BlackElo "1048"]
[PlyCount "96"]
[EventDate "2019.??.??"]
[WhiteTeam "Düsseldorfer SV"]
[BlackTeam "SK Langen"]

1. e4 e5 2. Nf3 Nf6 3. Nxe5 d6 4. Nf3 Nxe4 5. Qe2 Qe7 6. d3 Nf6 7. Qxe7+ Bxe7
8. Nc3 O-O 9. Bg5 Nc6 10. O-O-O Be6 11. d4 d5 12. Ne5 Rfe8 13. Bb5 Bg4 14. Nxg4
Nxg4 15. Bxe7 Rxe7 16. Rhe1 Rxe1 17. Rxe1 Nxf2 18. Nxd5 Nxd4 19. Nxc7 Rc8 20.
Kb1 g6 21. Rf1 Ne4 22. Re1 Nd6 23. Rd1 N4xb5 24. Nxb5 Nxb5 25. Rd5 Re8 26. c4
Nc7 27. Rd7 Rc8 28. b4 b6 29. c5 bxc5 30. bxc5 Nb5 31. Rd5 Nc3+ 32. Kb2 Nxd5
33. a3 Rxc5 34. Kb3 a5 35. Kb2 Rc3 36. g4 Kg7 37. h4 Kf6 38. g5+ Kf5 39. h5
Kxg5 40. hxg6 fxg6 41. Ka2 h5 42. Kb2 h4 43. Ka2 h3 44. Kb2 h2 45. Ka2 h1=Q 46.
Kb2 Qc1+ 47. Ka2 Qc2+ 48. Ka1 Rxa3# 0-1

[Event "Sparkassen-Open J"]
[Site "Heusenstamm, Martinsee"]
[Date "2019.11.22"]
[Round "1.29"]
[White "Grebe, Sabrina"]
[Black "Hott, Arthur"]
[Result "1/2-1/2"]
[WhiteElo "1030"]
[BlackElo "782"]
[PlyCount "51"]
[EventDate "2019.??.??"]
[WhiteTeam "SC Heusenstamm"]
[BlackTeam "SC Bad Soden"]

1. e4 e5 2. Nf3 Nc6 3. Bc4 Nf6 4. d3 Bc5 5. c3 d6 6. Ng5 O-O 7. b4 Bb6 8. a4 a6
9. a5 Ba7 10. Qb3 Qe8 11. Ba3 h6 12. Nf3 b5 13. axb6 Bxb6 14. b5 axb5 15. Bxb5
Be6 16. Qb2 Ra5 17. Nbd2 Bd7 18. Nc4 Ra7 19. O-O Rb7 20. Nxb6 Rxb6 21. Rfe1 Qd8
22. d4 Re8 23. d5 Na7 24. c4 Bxb5 25. cxb5 Rxb5 26. Qc2 1/2-1/2

[Event "Sparkassen-Open J"]
[Site "Heusenstamm, Martinsee"]
[Date "2019.11.22"]
[Round "1.30"]
[White "Gärtner, Anna"]
[Black "Müller, Riyanna"]
[Result "0-1"]
[WhiteElo "779"]
[BlackElo "1024"]
[PlyCount "56"]
[EventDate "2019.??.??"]
[WhiteTeam "SF Heidesheim"]
[BlackTeam "SC Landskrone"]

1. d4 d5 2. c4 dxc4 3. e3 Nf6 4. Bxc4 e6 5. Nf3 Nc6 6. O-O Bb4 7. Nc3 Bxc3 8.
bxc3 O-O 9. Bd2 b6 10. Bb5 Bb7 11. Rb1 Ne4 12. Re1 a6 13. Bd3 Nxd2 14. Qxd2 Ne7
15. Ne5 f6 16. Nc4 Qd5 17. f3 Qh5 18. e4 f5 19. exf5 Nxf5 20. Bxf5 exf5 21. Qf4
Qg6 22. Ne3 Rae8 23. Qxc7 Bxf3 24. Rb2 f4 25. Kf2 fxe3+ 26. Rxe3 Qxg2+ 27. Ke1
Rxe3+ 28. Re2 Qxe2# 0-1

[Event "Sparkassen-Open J"]
[Site "Heusenstamm, Martinsee"]
[Date "2019.11.22"]
[Round "1.31"]
[White "Carls, Bela"]
[Black "Ilievski, Kiril"]
[Result "1-0"]
[WhiteElo "1016"]
[BlackElo "753"]
[PlyCount "69"]
[EventDate "2019.??.??"]
[WhiteTeam "Frankfurter TV"]
[BlackTeam "SC Groß-Zimmern"]

1. e4 c6 2. d4 d5 3. e5 e6 4. Nf3 Bb4+ 5. Nc3 Bxc3+ 6. bxc3 Ne7 7. Bg5 O-O 8.
Bd3 Nd7 9. O-O b5 10. Nh4 Qe8 11. Qh5 g6 12. Qh6 f6 13. Bxf6 Nxf6 14. exf6 Rxf6
15. Qg5 Qf7 16. f4 Ba6 17. Rae1 Nf5 18. a4 Nxh4 19. Qxh4 Kg7 20. Re5 Re8 21.
Qg3 Re7 22. Rh5 Kh8 23. Rh3 Qg8 24. Qh4 Ref7 25. g4 Rxf4 26. Rxf4 Rxf4 27. Qg5
Qf7 28. Qe5+ Kg8 29. g5 Rf5 30. Bxf5 bxa4 31. Bxe6 a3 32. Bxf7+ Kxf7 33. Rf3+
Kg8 34. Qb8+ Kg7 35. Qf8# 1-0

[Event "Sparkassen-Open J"]
[Site "Heusenstamm, Martinsee"]
[Date "2019.11.22"]
[Round "1.32"]
[White "Kanno, Gabriel Felix"]
[Black "von Knorre, Christoph"]
[Result "0-1"]
[WhiteElo "726"]
[BlackElo "1011"]
[PlyCount "94"]
[EventDate "2019.??.??"]
[WhiteTeam "SK Altenkirchen"]
[BlackTeam "VSG Offenbach"]

1. e4 e5 2. Nf3 Nc6 3. Bc4 Bc5 4. Nc3 Nf6 5. d3 h6 6. O-O d6 7. h3 Be6 8. Bxe6
fxe6 9. a3 d5 10. Qe1 d4 11. Nb5 a6 12. Nxc7+ Qxc7 13. Bd2 Bb6 14. Bb4 Ba5 15.
Qd2 Bxb4 16. axb4 a5 17. Rxa5 Nxa5 18. bxa5 Rxa5 19. b4 Ra6 20. b5 Ra8 21. Rb1
O-O 22. b6 Qd6 23. Qc1 Ra6 24. Rb2 Rc8 25. Qb1 Rc6 26. Qd1 Rcxb6 27. Rb1 Rxb1
28. Qxb1 b6 29. Nd2 Nd7 30. Kh2 Qc6 31. f3 b5 32. h4 Rb6 33. Qa2 b4 34. Kh3 Nc5
35. Qb2 Rb5 36. Qb1 Qb6 37. Qa1 b3 38. cxb3 Nxb3 39. Nxb3 Rxb3 40. Qa8+ Qb8 41.
Qxb8+ Rxb8 42. g3 Rb3 43. Kg2 Rxd3 44. Kf1 Rxf3+ 45. Ke2 Rxg3 46. h5 Kf7 47.
Kf2 Ra3 0-1

[Event "Sparkassen-Open J"]
[Site "Heusenstamm, Martinsee"]
[Date "2019.11.23"]
[Round "2.1"]
[White "Stiehl, Richard"]
[Black "Eull, Emil"]
[Result "0-1"]
[WhiteElo "1205"]
[BlackElo "1504"]
[PlyCount "48"]
[EventDate "2019.??.??"]
[WhiteTeam "SV Multatuli Ingelheim e.V."]
[BlackTeam "SF Neuberg"]

1. e4 c5 2. Nf3 Nc6 3. c4 Nf6 4. Nc3 e6 5. d3 Be7 6. Be2 d5 7. cxd5 exd5 8.
exd5 Nxd5 9. d4 O-O 10. O-O Be6 11. Nxd5 Bxd5 12. dxc5 Bxc5 13. Ng5 h6 14. Qc2
hxg5 15. Qxc5 Re8 16. Be3 Re5 17. Rfd1 b6 18. Qc3 Rc8 19. Bb5 f6 20. Bxc6 Kh8
21. Rac1 Qe7 22. Bd4 Rxc6 23. Qh3+ Kg8 24. Rxc6 Re1+ 0-1

[Event "Sparkassen-Open J"]
[Site "Heusenstamm, Martinsee"]
[Date "2019.11.23"]
[Round "2.2"]
[White "Kamleiter, Noah"]
[Black "Himmelspacht, Maxim"]
[Result "1-0"]
[WhiteElo "1395"]
[BlackElo "1189"]
[PlyCount "147"]
[EventDate "2019.??.??"]
[WhiteTeam "TSV Bindlach Aktionär"]
[BlackTeam "SK Gießen"]

1. e4 e6 2. d4 d5 3. Nd2 Nf6 4. e5 Nfd7 5. c3 c5 6. Ngf3 Nc6 7. Bb5 Qb6 8. Ba4
cxd4 9. Bxc6 bxc6 10. cxd4 c5 11. Nb3 cxd4 12. Nbxd4 Bc5 13. Qa4 O-O 14. O-O
Nxe5 15. Nxe5 Bxd4 16. Nc6 Bc5 17. Ne5 Rd8 18. Qf4 Qd6 19. Qxf7+ Kh8 20. Qh5 g6
21. Nf7+ Kg8 22. Qf3 Rf8 23. Nxd6 Rxf3 24. gxf3 Bxd6 25. Bh6 Bd7 26. Rad1 Rb8
27. b3 Bb4 28. Rc1 Bd6 29. Kg2 Kf7 30. f4 Rg8 31. h4 Kf6 32. Kf3 g5 33. fxg5+
Kf5 34. Rg1 Bb5 35. a4 Bd7 36. Rg4 e5 37. Rgg1 d4 38. Rcd1 Bc6+ 39. Ke2 Bd7 40.
Kd3 Be6 41. Kc2 Rc8+ 42. Kb2 Rg8 43. Rc1 Bd7 44. h5 a5 45. g6 hxg6 46. hxg6 Bb4
47. Rc7 Be8 48. g7 d3 49. Rc8 Bf7 50. Rf8 Kf6 51. Bg5+ Kxg7 52. Be7+ Bg6 53.
Rxg8+ Kxg8 54. Rxg6+ Kf7 55. Bxb4 Kxg6 56. Bxa5 Kf5 57. Kc3 e4 58. Bb6 Ke5 59.
Be3 Kd5 60. a5 d2 61. Kxd2 Kc6 62. a6 Kd5 63. a7 Ke5 64. a8=Q Kf5 65. Qd5+ Kf6
66. Qg5+ Ke6 67. Bc5 e3+ 68. fxe3 Kd7 69. Qf6 Kc7 70. Qd6+ Kb7 71. Qb6+ Kc8 72.
Qa7 Kd8 73. Qb7 Ke8 74. Qe7# 1-0

[Event "Sparkassen-Open J"]
[Site "Heusenstamm, Martinsee"]
[Date "2019.11.23"]
[Round "2.3"]
[White "Albrecht, Angelique"]
[Black "Kürschner, Liam"]
[Result "0-1"]
[WhiteElo "1185"]
[BlackElo "1423"]
[PlyCount "150"]
[EventDate "2019.??.??"]
[WhiteTeam "SV Multatuli Ingelheim e.V."]
[BlackTeam "SK Langen"]

1. e4 c5 2. Nf3 g6 3. g3 Bg7 4. Bg2 Nc6 5. d3 d6 6. c3 Nf6 7. Be3 Bg4 8. Nbd2
Qd7 9. Qb3 h6 10. h3 Be6 11. Qc2 Qc7 12. d4 d5 13. e5 cxd4 14. cxd4 Bf5 15. Qc5
Nd7 16. Qxd5 Nb4 17. Qb3 Nc2+ 18. Ke2 Nxa1 19. Rxa1 O-O 20. Kf1 Nb6 21. Nh4 Bc2
22. Qb4 e6 23. Qb5 a6 24. Qe2 Ba4 25. Qg4 Rac8 26. Ne4 Nd5 27. Bd2 h5 28. Qf3
Qc4+ 29. Kg1 Qxd4 30. Qe2 Qxe5 31. Nf3 Qxb2 32. Re1 Nc3 33. Qe3 Nxe4 34. Qxe4
Bc6 35. Qe3 Rfd8 36. Ba5 Rd5 37. Bb6 Rb5 38. Bd4 Bxd4 39. Nxd4 Ra5 40. Re2 Qa3
41. Qd2 Bxg2 42. Kxg2 Rd8 43. Re3 Qd6 44. Qxa5 Qxd4 45. Qg5 Qd5+ 46. Qxd5 Rxd5
47. Rb3 Ra5 48. Rxb7 Rxa2 49. Rb8+ Kg7 50. Rb7 a5 51. Ra7 a4 52. Kf3 a3 53. g4
hxg4+ 54. hxg4 Kf6 55. Ra5 g5 56. Ke3 Ra1 57. f3 a2 58. Ke2 Rh1 59. Ke3 a1=Q
60. Rxa1 Rxa1 61. Kf2 Ke5 62. Ke3 Ra3+ 63. Kf2 Kf4 64. Ke2 Rxf3 65. Kd2 Ke4 66.
Ke2 Ra3 67. Kd2 f6 68. Ke2 Ra2+ 69. Kd1 Ke3 70. Kc1 Rh2 71. Kb1 Kd3 72. Kc1 e5
73. Kb1 Kc3 74. Ka1 Kb3 75. Kb1 Rh1# 0-1

[Event "Sparkassen-Open J"]
[Site "Heusenstamm, Martinsee"]
[Date "2019.11.23"]
[Round "2.4"]
[White "Czinkota, Michael"]
[Black "Zhao, Yunsheng"]
[Result "0-1"]
[WhiteElo "1604"]
[BlackElo "1145"]
[PlyCount "118"]
[EventDate "2019.??.??"]
[WhiteTeam "SC Bad Soden"]
[BlackTeam "SK Langen"]

1. e4 e5 2. Nf3 Nc6 3. Bc4 Bc5 4. c3 Nf6 5. d3 h6 6. O-O O-O 7. Re1 d6 8. Nbd2
Be6 9. Bxe6 fxe6 10. Qb3 Qc8 11. Nf1 Ng4 12. Re2 b6 13. h3 Nf6 14. Qc2 Re8 15.
b4 Bxb4 16. cxb4 Nxb4 17. Qc4 c5 18. a3 Nc6 19. Ng3 d5 20. Qc2 d4 21. Bd2 Qd7
22. a4 a5 23. Qb3 Rab8 24. Rb1 Nb4 25. Nxe5 Qd6 26. f4 Nd7 27. Nf5 Qc7 28. Nxd7
Qxd7 29. e5 Kh7 30. Nd6 Rf8 31. Rf2 Nd5 32. Qd1 Ne3 33. Bxe3 dxe3 34. Rf3 Qc6
35. Qc2 Qd5 36. Rd1 Qd4 37. Kh1 Rxf4 38. Nb5 Qxe5 39. Rxf4 Qxf4 40. d4+ Qf5 41.
Qxf5+ exf5 42. dxc5 bxc5 43. Rd5 Re8 44. Rd1 g5 45. Re1 f4 46. Nd6 Rd8 47. Nc4
Rd4 48. Nxa5 Rxa4 49. Nb3 c4 50. Nd4 c3 51. Nc2 Ra2 52. Rc1 e2 53. Kg1 Kg6 54.
Kf2 Kf5 55. Kxe2 Ke4 56. Ke1 Rb2 57. Ke2 h5 58. Kd1 g4 59. Ne1 Rd2# 0-1

[Event "Sparkassen-Open J"]
[Site "Heusenstamm, Martinsee"]
[Date "2019.11.23"]
[Round "2.5"]
[White "Schmidt, Moritz"]
[Black "Negru, Maximilian"]
[Result "1-0"]
[WhiteElo "1095"]
[BlackElo "1323"]
[PlyCount "115"]
[EventDate "2019.??.??"]
[WhiteTeam "SVG Plettenberg"]
[BlackTeam "SK Bad Homburg"]

1. e4 e5 2. Nf3 Nc6 3. Bc4 Bc5 4. c3 Nf6 5. d3 O-O 6. O-O d5 7. exd5 Nxd5 8.
Nbd2 Bg4 9. h3 Bh5 10. Re1 Re8 11. Nf1 Qf6 12. Bxd5 Rad8 13. Be4 Qe6 14. Ng3
Bg6 15. Bg5 Ne7 16. Bxg6 hxg6 17. Rxe5 Qb6 18. Bxe7 Bxf2+ 19. Kh1 Bxg3 20. Bxd8
Bxe5 21. Nxe5 Rxd8 22. Rb1 Qb5 23. d4 c5 24. Qf1 Qe8 25. Rd1 Qe6 26. Nf3 Qxa2
27. Rd2 Rd5 28. Qe1 Qa4 29. dxc5 Rxd2 30. Qxd2 Qa1+ 31. Kh2 Qa5 32. Qd5 Qc7+
33. Qd6 Qxd6+ 34. cxd6 Kf8 35. d7 Ke7 36. Ne5 f6 37. Nxg6+ Kxd7 38. Kg3 Ke6 39.
Kf4 b5 40. Ke4 f5+ 41. Kf4 Kf6 42. Nh4 g5+ 43. Kg3 gxh4+ 44. Kxh4 Kg6 45. b4 a6
46. Kg3 Kh5 47. Kf4 Kg6 48. g4 fxg4 49. Kxg4 Kf6 50. h4 Kg6 51. h5+ Kf6 52. Kf4
Kg7 53. Kg5 Kh7 54. h6 Kg8 55. Kg6 Kh8 56. h7 a5 57. bxa5 b4 58. a6 1-0

[Event "Sparkassen-Open J"]
[Site "Heusenstamm, Martinsee"]
[Date "2019.11.23"]
[Round "2.6"]
[White "Kanno, Clara Yumi"]
[Black "Scheerer, Amelie"]
[Result "1-0"]
[WhiteElo "1142"]
[BlackElo "1050"]
[PlyCount "79"]
[EventDate "2019.??.??"]
[WhiteTeam "SK Altenkirchen"]
[BlackTeam "SV Ffm-Griesheim"]

1. e4 e5 2. Nf3 Nc6 3. Bc4 Bc5 4. c3 Nf6 5. d3 d6 6. Bg5 h6 7. Bh4 g5 8. Bg3
Bg4 9. Nbd2 h5 10. h3 Bxf3 11. Qxf3 Qe7 12. O-O O-O-O 13. b4 Bb6 14. Qf5+ Kb8
15. Qxg5 Rdg8 16. Qf5 h4 17. Bh2 Rh5 18. Qf3 Rhg5 19. Kh1 Qf8 20. Rg1 Qh6 21.
Bxf7 Rf8 22. Be6 Nh7 23. Bf5 Ne7 24. d4 Nxf5 25. exf5 Rfxf5 26. Qe3 a6 27. Nf3
Rg6 28. Qe4 Rgf6 29. Rae1 Ng5 30. Qxh4 Nxf3 31. Qxh6 Rxh6 32. gxf3 Rxh3 33. Rg3
Rxf3 34. Rxf3 Rxf3 35. dxe5 dxe5 36. Bxe5 Rxf2 37. a4 a5 38. bxa5 Bxa5 39. Bd4
Ra2 40. Re8# 1-0

[Event "Sparkassen-Open J"]
[Site "Heusenstamm, Martinsee"]
[Date "2019.11.23"]
[Round "2.7"]
[White "Bogiatzis, Panagiotis"]
[Black "Jumah, Shayan"]
[Result "1-0"]
[WhiteElo "1048"]
[BlackElo "1249"]
[PlyCount "95"]
[EventDate "2019.??.??"]
[WhiteTeam "SK Langen"]
[BlackTeam "SG Trier"]

1. e4 e6 2. d4 d5 3. e5 c5 4. Nf3 Nc6 5. Be3 Qb6 6. b3 cxd4 7. Nxd4 Nxd4 8.
Bxd4 Bc5 9. c3 Bxd4 10. cxd4 f6 11. Qg4 Qb4+ 12. Nd2 fxe5 13. Qxg7 Qxd4 14. Rb1
Bd7 15. Qxh8 O-O-O 16. Qxh7 Nf6 17. Qd3 Qb4 18. Rc1+ Kb8 19. Qc3 Qa3 20. Nb1
Qxa2 21. Qxe5+ Ka8 22. Qxf6 Qa5+ 23. Qc3 Qb6 24. Qc7 Qb4+ 25. Nc3 Rc8 26. Qxd7
Rxc3 27. Rxc3 Qxc3+ 28. Ke2 Qc2+ 29. Ke1 Qc3+ 30. Ke2 Qc2+ 31. Kf3 Qe4+ 32. Kg3
Qg6+ 33. Kf4 Qf5+ 34. Ke3 Qe4+ 35. Kd2 Qb4+ 36. Kc2 Qc5+ 37. Bc4 Qxf2+ 38. Kc3
Qe3+ 39. Kb4 Qd2+ 40. Kb5 a6+ 41. Ka4 Qa2+ 42. Kb4 Qd2+ 43. Kc5 Qf2+ 44. Kd6
Qf4+ 45. Ke7 dxc4 46. Rd1 e5 47. Qc8+ Ka7 48. Qc5+ 1-0

[Event "Sparkassen-Open J"]
[Site "Heusenstamm, Martinsee"]
[Date "2019.11.23"]
[Round "2.8"]
[White "Riemann, Adrian"]
[Black "Rodermel, Leonie"]
[Result "1-0"]
[WhiteElo "1307"]
[BlackElo "1097"]
[PlyCount "113"]
[EventDate "2019.??.??"]
[WhiteTeam "SK Bickenbach"]
[BlackTeam "SV Oberursel"]

1. d4 d5 2. c3 Nf6 3. e3 Bf5 4. Bd3 Qd7 5. f4 Bxd3 6. Qxd3 e6 7. Nf3 Bd6 8. Ne5
Bxe5 9. fxe5 Ne4 10. O-O O-O 11. Nd2 Nxd2 12. Bxd2 Nc6 13. e4 a6 14. exd5 Qxd5
15. Qg3 Ne7 16. Bh6 Ng6 17. Bg5 c5 18. Rfd1 b6 19. b3 cxd4 20. cxd4 Rac8 21.
Qd3 h6 22. Be3 b5 23. Rac1 Rfd8 24. Rc3 Nh4 25. Rd2 Nf5 26. Bf2 Re8 27. Rc5
Rxc5 28. dxc5 Qxe5 29. Qd7 Rf8 30. c6 Qa1+ 31. Rd1 Qxa2 32. Bc5 Nh4 33. Rd2
Qa1+ 34. Rd1 Qa2 35. Bf2 Nf5 36. b4 Qc2 37. Bc5 Nh4 38. Rd2 Qc1+ 39. Kf2 Rb8
40. c7 Rb7 41. c8=Q+ Kh7 42. Qcxb7 Qc4 43. Qd4 Qxd4+ 44. Rxd4 Nf5 45. Rf4 Kg6
46. Rxf5 Kxf5 47. Qxf7+ Ke5 48. Ke3 g5 49. Qg7+ Kd5 50. Qd4+ Kc6 51. Qd6+ Kb7
52. Qxe6 Kc7 53. Kd4 Kb7 54. Qb6+ Kc8 55. Qa7 Kd8 56. Ke5 Kc8 57. Kd6 1-0

[Event "Sparkassen-Open J"]
[Site "Heusenstamm, Martinsee"]
[Date "2019.11.23"]
[Round "2.9"]
[White "Müller, Riyanna"]
[Black "Akhmatovski, Maxim"]
[Result "0-1"]
[WhiteElo "1024"]
[BlackElo "1359"]
[PlyCount "80"]
[EventDate "2019.??.??"]
[WhiteTeam "SC Landskrone"]
[BlackTeam "SV Oberursel"]

1. e4 e5 2. Nf3 Nc6 3. Bc4 Bc5 4. d3 h6 5. Nc3 Nf6 6. Qe2 d6 7. Be3 Bb6 8.
O-O-O Bg4 9. h3 Bxf3 10. Qxf3 Na5 11. Nd5 Nxc4 12. Nxf6+ Qxf6 13. Qxf6 Bxe3+
14. fxe3 gxf6 15. dxc4 Rg8 16. g4 Ke7 17. Rhf1 Rg6 18. Rf3 Rh8 19. Rg1 h5 20.
Rf5 hxg4 21. hxg4 Rhg8 22. Rgf1 Rh8 23. Rg1 Rh4 24. g5 fxg5 25. Rgxg5 Rxg5 26.
Rxg5 Rxe4 27. Rg8 Rxe3 28. Rb8 b6 29. Rc8 Kd7 30. Rf8 Rf3 31. b3 a5 32. a4 f5
33. Kd2 e4 34. Ke2 f4 35. Rf7+ Ke6 36. Rxc7 Rh3 37. Rc8 Rh2+ 38. Ke1 Ke5 39. c3
e3 40. Re8+ Kf5 0-1

[Event "Sparkassen-Open J"]
[Site "Heusenstamm, Martinsee"]
[Date "2019.11.23"]
[Round "2.10"]
[White "Yang, Marco"]
[Black "Gossen, Michael"]
[Result "1-0"]
[WhiteElo "1260"]
[BlackElo "1072"]
[Annotator "Schloessner,Henrik"]
[PlyCount "51"]
[EventDate "2019.??.??"]
[WhiteTeam "SK Mannheim-Lindenhof"]
[BlackTeam "TuS Makkabi Wiesbaden"]

1. e4 c5 2. d4 cxd4 3. c3 dxc3 4. Nxc3 d6 5. Bc4 Nf6 6. e5 dxe5 7. Bxf7+ Kxf7
8. Qxd8 Bd7 9. Qc7 Nc6 10. Qxb7 Rb8 11. Qa6 Rb6 12. Qd3 Nb4 13. Qd1 Rd6 14. Bd2
Nd3+ 15. Kf1 Be6 16. Nb5 Rd5 17. Nc7 Nxb2 18. Qb3 Rxd2 19. Qxe6+ Kg6 20. Qxe5
Nd3 21. Qg3+ Kf7 22. Ne2 Ne4 23. Qf3+ Nf6 24. Qe3 Rc2 25. Na6 Nb2 26. Qb3+ {
Leider hat an dieser Stelle niemand bemerkt, dass die Dame Schach bietet (wohl
aber, als sie 2 Züge später auf dieses Feld zurück kehrte - 26... Td2, Dc3
Se4, Db3+ e6 etc!). 1-0 (39)} 1-0

[Event "Sparkassen-Open J"]
[Site "Heusenstamm, Martinsee"]
[Date "2019.11.23"]
[Round "2.11"]
[White "von Knorre, Christoph"]
[Black "Heller, Roan"]
[Result "1/2-1/2"]
[WhiteElo "1011"]
[BlackElo "1490"]
[PlyCount "32"]
[EventDate "2019.??.??"]
[WhiteTeam "VSG Offenbach"]
[BlackTeam "TuS Dotzheim"]

1. e4 e5 2. Nf3 Nc6 3. Bc4 Nf6 4. c3 Nxe4 5. d4 exd4 6. cxd4 Qf6 7. O-O Nd6 8.
Bg5 Qg6 9. Bd3 f5 10. Qd2 h6 11. Nh4 Qh5 12. Re1+ Ne7 13. Bxe7 Bxe7 14. Nf3 Kd8
15. Nc3 Re8 16. Nd5 Qf7 1/2-1/2

[Event "Sparkassen-Open J"]
[Site "Heusenstamm, Martinsee"]
[Date "2019.11.23"]
[Round "2.12"]
[White "Strauß, Florian"]
[Black "Carls, Bela"]
[Result "1-0"]
[WhiteElo "1231"]
[BlackElo "1016"]
[PlyCount "65"]
[EventDate "2019.??.??"]
[WhiteTeam "SV Multatuli Ingelheim e.V."]
[BlackTeam "Frankfurter TV"]

1. e4 d5 2. exd5 Nf6 3. d4 Nxd5 4. c4 Nf6 5. Nf3 e6 6. Bg5 Be7 7. Nc3 O-O 8.
Be2 Nc6 9. O-O b6 10. Nb5 a6 11. Nc3 Bb7 12. d5 exd5 13. Bxf6 Bxf6 14. cxd5 Nb4
15. Qb3 Nxd5 16. Rfd1 Bxc3 17. bxc3 Qe7 18. Bc4 Nf4 19. Re1 Qf6 20. Ne5 Qg5 21.
g3 Nh3+ 22. Kf1 Qf6 23. Bxf7+ Rxf7 24. Qxf7+ Qxf7 25. Nxf7 Kxf7 26. Rad1 Kg8
27. Rd7 Rc8 28. Ree7 Bf3 29. Rxg7+ Kf8 30. Rdf7+ Ke8 31. Rxf3 Rd8 32. Rg8+ Kd7
33. Rd3+ 1-0

[Event "Sparkassen-Open J"]
[Site "Heusenstamm, Martinsee"]
[Date "2019.11.23"]
[Round "2.13"]
[White "Richter, Johanna"]
[Black "Yue, Qihang"]
[Result "0-1"]
[WhiteElo "1002"]
[BlackElo "1376"]
[PlyCount "136"]
[EventDate "2019.??.??"]
[WhiteTeam "SF Heidesheim"]
[BlackTeam "SV Multatuli Ingelheim e.V."]

1. d4 Nf6 2. c4 e6 3. Nc3 Bb4 4. Nf3 O-O 5. g3 d6 6. Bg2 Nbd7 7. O-O Re8 8. e3
e5 9. Re1 c6 10. Re2 e4 11. Nd2 d5 12. c5 Nf8 13. Re1 Bg4 14. Qc2 b6 15. a3
Bxc3 16. Qxc3 Qc7 17. b4 bxc5 18. bxc5 Rab8 19. a4 Rb7 20. Ba3 Reb8 21. Rab1
Ne6 22. Rxb7 Rxb7 23. Bb4 Qb8 24. Rb1 a5 25. Bf1 Rxb4 26. Rxb4 Qxb4 27. Qxb4
axb4 28. a5 Nc7 29. h3 Bc8 30. Nb3 h6 31. Nd2 Ba6 32. Bxa6 Nxa6 33. Nb3 Kf8 34.
Kf1 g5 35. Kg2 h5 36. f4 exf3+ 37. Kxf3 Ne4 38. Nc1 Ke7 39. g4 h4 40. Ke2 Ke6
41. Nb3 f5 42. Kf3 fxg4+ 43. Kxg4 Kf6 44. Kf3 Kf5 45. Nc1 Nd2+ 46. Kg2 b3 47.
Nd3 Nc4 48. Kf3 b2 49. Nxb2 Nxb2 50. Ke2 Nc4 51. Kf3 Nxa5 52. Kf2 g4 53. hxg4+
Kxg4 54. Kg2 Nc4 55. Kh1 Nxe3 56. Kh2 Nc2 57. Kg2 Nxd4 58. Kf2 Nb3 59. Kg2 d4
60. Kf2 d3 61. Ke3 h3 62. Kxd3 h2 63. Kc4 h1=Q 64. Kxb3 Qc1 65. Ka4 Qb2 66. Ka5
Nc7 67. Ka4 Nd5 68. Ka5 Qb5# 0-1

[Event "Sparkassen-Open J"]
[Site "Heusenstamm, Martinsee"]
[Date "2019.11.23"]
[Round "2.14"]
[White "Claussen, Alexander"]
[Black "Müller, Mirelle-Fabienne"]
[Result "1-0"]
[WhiteElo "1220"]
[BlackElo "847"]
[PlyCount "55"]
[EventDate "2019.??.??"]
[WhiteTeam "SF Essen-Werden"]
[BlackTeam "SC Landskrone"]

1. d4 d5 2. g3 Nc6 3. Bg2 Bf5 4. c3 Nf6 5. Qb3 e6 6. Qxb7 Na5 7. Qb5+ Nc6 8.
Qxc6+ Nd7 9. Nd2 Rb8 10. Ngf3 Bc2 11. Ne5 Rb6 12. Qxd7+ Qxd7 13. Nxd7 Kxd7 14.
O-O a5 15. e4 c6 16. Re1 a4 17. exd5 cxd5 18. b3 axb3 19. axb3 Bxb3 20. Nxb3
Rxb3 21. Ra7+ Kd6 22. Bf4+ Kc6 23. Rxf7 Rb7 24. Rxe6+ Kb5 25. Rxb7+ Kc4 26.
Rc6+ Kd3 27. Rb2 Ba3 28. Rd2# 1-0

[Event "Sparkassen-Open J"]
[Site "Heusenstamm, Martinsee"]
[Date "2019.11.23"]
[Round "2.15"]
[White "Henzelmann, Matthias"]
[Black "Vick, Edward"]
[Result "0-1"]
[WhiteElo "843"]
[BlackElo "1242"]
[PlyCount "40"]
[EventDate "2019.??.??"]
[WhiteTeam "SK Gießen"]
[BlackTeam "TuS Makkabi Wiesbaden"]

1. e4 d5 2. exd5 Nf6 3. Bc4 Nxd5 4. Bxd5 Qxd5 5. Nc3 Qxg2 6. f3 Qxh1 7. Kf1
Bh3+ 8. Kf2 Qg2+ 9. Ke3 e6 10. d4 Nc6 11. Bd2 O-O-O 12. Nce2 e5 13. Bc3 exd4+
14. Bxd4 Bc5 15. Qd2 Rhe8+ 16. Kd3 Bxd4 17. Nxd4 Rxd4+ 18. Kc3 Qxd2+ 19. Kb3
Be6+ 20. Ka3 Qb4# 0-1

[Event "Sparkassen-Open J"]
[Site "Heusenstamm, Martinsee"]
[Date "2019.11.23"]
[Round "2.18"]
[White "Hott, Arthur"]
[Black "Glavev, Danail"]
[Result "1-0"]
[WhiteElo "782"]
[BlackElo "829"]
[PlyCount "129"]
[EventDate "2019.??.??"]
[WhiteTeam "SC Bad Soden"]
[BlackTeam "SV Oberursel"]

1. e4 e5 2. Nf3 Nc6 3. Bc4 Bc5 4. c3 Nf6 5. d3 h6 6. Nbd2 O-O 7. Nb3 d6 8. d4
exd4 9. cxd4 Bb4+ 10. Bd2 Bxd2+ 11. Nbxd2 Re8 12. Qe2 a6 13. O-O b5 14. Bb3 Bg4
15. d5 Bxf3 16. Qxf3 Na7 17. Rae1 c5 18. Bc2 Nc8 19. b3 Ne7 20. e5 dxe5 21.
Rxe5 Ng6 22. Rxe8+ Qxe8 23. Bxg6 fxg6 24. Rd1 Rd8 25. Nf1 Qe4 26. Qxe4 Nxe4 27.
Ne3 Nc3 28. Rd2 Ne4 29. Rd1 Nc3 30. Rd2 Ne4 31. Rd1 Kf7 32. f3 Nf6 33. Kf2 g5
34. Kg3 Nh5+ 35. Kg4 Kg6 36. g3 Nf6+ 37. Kh3 h5 38. f4 g4+ 39. Kh4 Kh6 40. d6
Ne8 41. Nf5+ Kg6 42. Rd5 c4 43. d7 Nf6 44. Rc5 Rxd7 45. Ne3 Rd2 46. h3 Rb2 47.
Rg5+ Kh6 48. Nf5+ Kh7 49. Rxg7+ Kh8 50. Kg5 Ne4+ 51. Kh6 Nf6 52. Rf7 Ng8+ 53.
Kg6 Nf6 54. Kxf6 Re2 55. Rf8+ Kh7 56. Rf7+ Kg8 57. Nh6+ Kh8 58. hxg4 hxg4 59.
f5 c3 60. Rc7 c2 61. Rc8+ Kh7 62. Kg5 Kg7 63. Rc7+ Kf8 64. f6 Rf2 65. Rc8# 1-0